|
|
|
|
| LEADER |
00000nam a2200000 a 4500 |
| 001 |
vtls001413992 |
| 003 |
SK-MaSNL |
| 005 |
20260302001504.0 |
| 008 |
240314s2001 xo ra slo |
| 015 |
|
|
|a SNBA2001/08-02792
|
| 020 |
|
|
|a 8055100179
|
| 035 |
|
|
|a SNK000368718
|
| 035 |
|
|
|a urn:nbn:sk:snk-amkmv8
|
| 035 |
|
|
|a urn:nbn:sk:snk-am0030wh
|
| 035 |
|
|
|a FB9CD84C-F689-4473-8A2F-20C26CCC0AAB
|
| 040 |
|
|
|a SNK
|b slo
|c SNK
|e AACR2
|
| 041 |
0 |
|
|a slo
|
| 044 |
|
|
|a xo
|c SK
|
| 080 |
|
|
|a 885.4-3
|2 1981
|
| 100 |
1 |
|
|a Čajak, Ján,
|d 1897-1982
|4 aut
|9 113561
|
| 245 |
1 |
0 |
|a V zajatí na Holíčskom hrade
|c Ján Čajak ml.
|
| 260 |
|
|
|a Bratislava
|b Ikar
|c 2001
|
| 300 |
|
|
|a 509 s.
|c 21 cm
|
| 500 |
|
|
|a Celkove 7. vyd.
|
| 500 |
|
|
|a Vyd. pre Media klub, Bratislava
|
| 504 |
|
|
|a Pozn. a vysvetl.
|
| 650 |
0 |
7 |
|a romány historické slovenské
|2 SNK
|9 295785
|
| 650 |
0 |
7 |
|a romány ľúbostné slovenské
|2 SNK
|9 525234
|
| 655 |
|
7 |
|a umelecká literatúra
|2 SNK
|9 60405
|
| 710 |
0 |
|
|a Media klub
|4 pbl
|9 77233
|
| 919 |
|
|
|a 80-551-0017-9
|
| 958 |
|
|
|a TL
|
| 958 |
|
|
|a LX
|
| 999 |
|
|
|c 984067
|d 985997
|
| 952 |
|
|
|t P60, <03>, [BOOK], {603}
|a SNK
|b SNK
|y PREZ
|7 0
|p 17A0302170
|o snkSC 104991
|i snkKSP 6785/2001
|0 0
|1 0
|4 0
|d 2001-06-01
|f 1
|l 0
|r 2025-09-25 00:00:00
|w 2026-02-24
|
| 952 |
|
|
|t P60, <05>, [BOOK], {605}
|a SNK
|b SNK
|y PREZ
|7 0
|p 17A0302169
|o snkSC 104991 D1
|i snkKSP 6786/2001
|0 0
|1 0
|4 0
|d 2001-06-01
|l 0
|r 2005-01-02 00:00:00
|w 2026-02-24
|